000 00536nam a2200193Ia 4500
003 LDD
008 181029s9999 xx 000 0 und d
020 _a041594709X
_cP 21.99
040 _cLDD
100 _aStryker, Susan
245 4 _aThe transgender Studies Reader
_cSusan Stryker
260 _aNew York
_bRoutledge
_c2006
300 _axvi, 752p.
365 _bP 21.99
901 _a3812
_b06-02-2007
902 _a9313
_b11-05-2007
_cF
_dOP
_e0
903 _aDiscount-10
_bReqst by : Thomas, Gracious (Dr.)
942 _2ddc
_cBK
999 _c79020
_d79020